Ứng dụng công nghệ tác tử di động vào hệ thống phát hiện xâm nhập mạng
Cơ bản về Agent di động; Một số vấn đề về an ninh mạng; Hệ thống phát hiện xâm nhập mạng; Ứng dụng công nghệ tác tử di động vào hệ thống phát hiện xâm nhập mạng.
Gorde:
| Egile nagusia: | |
|---|---|
| Beste egile batzuk: | |
| Formatua: | Liburua |
| Hizkuntza: | Vietnamese |
| Argitaratua: |
Đà Nẵng :
Đại học Đà Nẵng,
2005.
|
| Gaiak: | |
| Etiketak: |
Etiketa erantsi
Etiketarik gabe, Izan zaitez lehena erregistro honi etiketa jartzen!
|
| Thư viện lưu trữ: | Mạng thư viện Đại học Đà Nẵng |
|---|
| LEADER | 01639cam a2200397 a 4500 | ||
|---|---|---|---|
| 001 | 000044106 | ||
| 003 | 2349 | ||
| 005 | 20060224092416.0 | ||
| 008 | 010217b2005 vm 000 vie | ||
| 040 | |a LRC |c LRC |d LRC | ||
| 041 | 0 | |a vie | |
| 082 | 1 | 4 | |a 004.65 |b NG-N |
| 100 | 1 | |a Nguyễn Gia Như. | |
| 245 | 1 | 0 | |a Ứng dụng công nghệ tác tử di động vào hệ thống phát hiện xâm nhập mạng |h [Thesis - Luận văn] / |c Nguyễn Gia Như thực hiện; Lê Văn Sơn hướng dẫn. |
| 260 | |a Đà Nẵng : |b Đại học Đà Nẵng, |c 2005. | ||
| 300 | |a 06, 100 tr. : |b mh. ; |c 29 cm + |e 01 tóm tắt. | ||
| 520 | 3 | |a Cơ bản về Agent di động; Một số vấn đề về an ninh mạng; Hệ thống phát hiện xâm nhập mạng; Ứng dụng công nghệ tác tử di động vào hệ thống phát hiện xâm nhập mạng. | |
| 630 | 0 | 4 | |a Tác tử. |
| 630 | 0 | 4 | |a Tin học. |
| 630 | 0 | 4 | |a Agent. |
| 650 | 0 | 4 | |a Tác tử |x Di động |x Công nghệ. |
| 650 | 0 | 4 | |a Mạng |x Tin học. |
| 700 | 1 | |a Lê Văn Sơn, |c PGS.TS., |e hướng dẫn. | |
| OWN | |a DUT | ||
| AVA | |a UDN50 |b DUT |c Internal Resources |d 004.65 NG-N |e available |t Error 5001 Not defined in file expand_doc_bib_avail. |f 1 |g 0 |h N |i 0 |j NS |k 1 | ||
| 999 | |a From the UDN01 | ||
| AVA | |a UDN50 |b DUT |c Internal Resources |d 004.65 NG-N |e available |t Error 5001 Not defined in file expand_doc_bib_avail. |f 1 |g 0 |h N |i 0 |j NS |k 1 | ||
| TYP | |a Mixed Materials | ||
| TYP | |a Monograph | ||
| TYP | |a Printed language | ||
| 980 | |a Mạng thư viện Đại học Đà Nẵng | ||